Les 10 premières aires urbaines de France - Statistiques

Statistiques générales
  • Ce quiz a été pris 1 050 fois
  • Le résultat moyen est 10 sur 10
Statistiques - réponses
Population Ville % Correct
1 760 653 Marseille - Aix-en-Provence
100%
12 628 266 Paris
100%
1 247 977 Bordeaux
97%
2 323 221 Lyon
97%
1 191 117 Lille (partie française)
95%
1 360 829 Toulouse
95%
790 087 Strasbourg (partie française)
94%
972 828 Nantes
93%
1 006 201 Nice
93%
733 320 Rennes
88%
Aucun quiz correspondant
Distribution des résultats
% des personnes avec chaque résultat
Percentile par nombre de réponses
Votre historique - résultats
Vous n’avez pas pris ce quiz